The pan-African movement (Record no. 53089)

MARC details
000 -LEADER
fixed length control field 00660nam a2200193 a 4500
008 - FIXED-LENGTH DATA ELEMENTS--GENERAL INFORMATION
fixed length control field 060316s1974 ||||||||||||||||| || u
020 ## - INTERNATIONAL STANDARD BOOK NUMBER
International Standard Book Number 0416167101
020 ## - INTERNATIONAL STANDARD BOOK NUMBER
International Standard Book Number 0416807003
050 ## - LIBRARY OF CONGRESS CALL NUMBER
Classification number DT 31 Gei
100 ## - MAIN ENTRY--PERSONAL NAME
Personal name Geiss, Imanuel
245 14 - TITLE STATEMENT
Title The pan-African movement
260 ## - PUBLICATION, DISTRIBUTION, ETC.
Place of publication, distribution, etc. London :
Name of publisher, distributor, etc. Methuen
Date of publication, distribution, etc. 1974
300 ## - PHYSICAL DESCRIPTION
Extent xvi, 575 p. :
350 ## - PRICE (NR) (BK AM CF MU VM SE) [OBSOLETE]
Price 0.00
500 ## - GENERAL NOTE
General note Translation of Panafrikanismus. -Includes indexes. -Bibliography 
650 ## - SUBJECT ADDED ENTRY--TOPICAL TERM
Topical term or geographic name entry element PAN - AFRICANISM - HISTORY
700 ## - ADDED ENTRY--PERSONAL NAME
Personal name Keep, Ann
995 ## - RECOMMENDATION 995 [LOCAL, UNIMARC FRANCE]
-- 0.00
-- CBU-MAIN LIBRARY (Kitwe)
-- 1
-- 4.75
-- AVAILABLE
-- Main Library Open Access Collection
Holdings
Withdrawn status Lost status Source of classification or shelving scheme Damaged status Not for loan Home library Current library Shelving location Date acquired Total Checkouts Full call number Barcode Date last seen Price effective from Koha item type
          CBU-MAIN LIBRARY, KITWE. CBU-MAIN LIBRARY, KITWE.   11/30/2022   DT 31 Gei 000717 11/30/2022 11/30/2022 MONOGRAPH